[Event "Tourn. n8106"]
[Site "www.chess-mail.com"]
[Date "2015.07.20"]
[Round "1"]
[White "Emmanuelasi"]
[Black "Manolinex"]
[WhiteElo "2340"]
[BlackElo "2730"]
[Result "0-1"]
[Round "1"]
1.e4 c5
2.d4 cxd4
3.c3 dxc3
4.Nb1xc3 d6
5.Bf1c4 e6
6.Qd1e2 a6
7.Ng1f3 Ng8f6
8.O-O b5
9.Bc4b3 Nb8d7
10.e5 dxe5
11.Nf3xe5 Nd7xe5
12.Qe2xe5 Bf8d6
13.Qe5e2 Bc8b7
14.Bc1g5 O-O
15.Rf1d1 Qd8c7
16.h3 Bd6h2
17.Kh1 Ra8d8
18.Rd1xd8 Rf8xd8
19.Ra1d1 Rd8xd1
20.Qe2xd1 h6
21.Bg5xf6 gxf6
22.a3 Bh2d6
23.Qd1d3 Bd6c5
24.f3 f5
25.Nc3e2 Qc7e5
26.Qd3d2 Bc5d6
27.f4 Qe5g7
28.Ne2g1 Bd6xf4
29.Qd2e2 e5
30.Ng1f3 e4
31.Nf3e1 Qg7g3
32.Kg1 Qg3h2
33.Kf1 Qh2h1
{ resign }
0-1

[Event "Tourn. n8218"]
[Site "www.chess-mail.com"]
[Date "2015.07.20"]
[Round "1"]
[White "Libiesse"]
[Black "Julianlore"]
[WhiteElo "2020"]
[BlackElo "2019"]
[Result "0-1"]
[Round "1"]
1.d4 Ng8f6
2.c4 e6
3.Ng1f3 Bf8b4
4.Bc1d2 Qd8e7
5.a3 Bb4xd2
6.Nb1xd2 O-O
7.e3 d6
8.Bf1e2 c5
9.O-O b6
10.b4 Bc8b7
11.bxc5 dxc5
12.dxc5 Qe7xc5
13.Qd1c2 Rf8d8
14.Rf1d1 Nb8a6
15.Nd2b3 Rd8xd1
16.Qc2xd1 Qc5e7
17.Nb3d4 Na6c5
18.Qd1c2 Nf6e4
19.Nf3d2 Ne4xd2
20.Qc2xd2 e5
21.Nd4b5 Nc5b3
22.Qd2d6 Qe7g5
23.g3 Nb3xa1
24.Qd6c7 Bb7a6
25.Nb5d6 Qg5f6
26.Nd6e4 Qf6d8
27.Qc7xe5 Na1b3
28.Kg2 Ba6b7
29.Be2f3 Ra8c8
30.Kh3 Rc8xc4
31.Ne4d6 Bb7xf3
32.Nd6xc4 Qd8d7
{ resign }
0-1

[Event "Tourn. n8059"]
[Site "www.chess-mail.com"]
[Date "2015.07.20"]
[Round "1"]
[White "Falcoale"]
[Black "Genius9"]
[WhiteElo "1830"]
[BlackElo "1610"]
[Result "0-1"]
[Round "1"]
1.e4 c6
2.d4 d5
3.e5 Bc8f5
4.Ng1f3 e6
5.h3 Nb8d7
6.Nb1c3 c5
7.Bf1b5 a6
8.Bb5xd7 Qd8xd7
9.Bc1f4 cxd4
10.Nf3xd4 Bf5g6
11.Qd1d2 Bf8b4
12.a3 Bb4xc3
13.Qd2xc3 Ra8c8
14.Qc3b3 b5
15.O-O Rc8c4
16.c3 Ng8e7
17.Ra1c1 O-O
18.Qb3d1 Rf8c8
19.Bf4d2 a5
20.b3 Rc4c7
21.Qd1e2 Rc7b7
22.f4 Bg6e4
23.c4 bxc4
24.bxc4 Rb7b2
25.Qe2e1 Be4d3
26.Rf1f2 Bd3xc4
27.Bd2xa5 Rb2xf2
28.Kxf2 Qd7a7
29.Ba5b4 Qa7xd4
30.Qe1e3 Qd4b2
31.Kg1 Ne7f5
32.Qe3e1 h5
33.Kh2 Qb2d4
34.Bb4d2 h4
35.a4 Nf5g3
36.Bd2c3 Qd4xf4
37.Kg1 Qf4xc1
{ resign }
0-1

[Event "Tourn. n8296"]
[Site "www.chess-mail.com"]
[Date "2015.07.20"]
[Round "1"]
[White "Gatrooper"]
[Black "A27l"]
[WhiteElo "1200"]
[BlackElo "1130"]
[Result "1-0"]
[Round "1"]
1.e4 e5
2.a3 d6
3.h3 Ng8f6
4.Nb1c3 c6
5.Ng1f3 Bf8e7
6.d3 O-O
7.Bc1g5 h6
8.Bg5xf6 Be7xf6
9.Bf1e2 Bc8e6
10.Nf3h2 Bf6e7
11.Nh2f3 Nb8d7
12.Qd1d2 Nd7f6
13.h4 Nf6h7
14.O-O-O f5
{ time. }
1-0

[Event "Tourn. n8279"]
[Site "www.chess-mail.com"]
[Date "2015.07.20"]
[Round "1"]
[White "Cheminet"]
[Black "Fangshuo1"]
[WhiteElo "1420"]
[BlackElo "1499"]
[Result "0-1"]
[Round "1"]
1.d4 d5
2.c4 Ng8f6
3.Nb1c3 e6
4.Bc1g5 c5
5.e3 Nb8c6
6.Ng1f3 Bc8d7
7.e4 dxe4
8.Nf3e5 Bf8e7
9.Ne5xf7 Kxf7
10.Bg5xf6 Be7xf6
11.Nc3xe4 Rh8f8
12.Qd1h5 Kg8
13.Ne4xc5 Qd8a5
14.Kd1 Bf6xd4
15.f3 Bd4xc5
16.Bf1d3 h6
17.Rh1e1 Rf8f6
18.Bd3e4 Nc6d4
19.Be4xb7 Ra8d8
20.Bb7d5 Qa5a4
21.b3 Nd4xb3
{ resign }
0-1

[Event "Tourn. n8213"]
[Site "www.chess-mail.com"]
[Date "2015.07.20"]
[Round "1"]
[White "Pgcbies"]
[Black "Woodpusher2"]
[WhiteElo "2670"]
[BlackElo "2620"]
[Result "1/2-1/2"]
[Round "1"]
1.e4 e5
2.Ng1f3 Nb8c6
3.Bf1c4 Bf8c5
4.c3 Ng8f6
5.O-O d6
6.d3 a6
7.a4 O-O
8.Nb1d2 Bc5a7
9.b4 h6
10.h3 Qd8e7
11.Rf1e1 Rf8e8
12.Nd2f1 Bc8e6
13.Bc4b3 d5
14.exd5 Be6xd5
15.Bb3xd5 Nf6xd5
16.Bc1d2 Qe7d6
17.b5 Nc6a5
18.Nf1g3 Nd5f6
19.Qd1c2 e4
20.Ng3xe4 Nf6xe4
21.dxe4 axb5
22.axb5 Na5c4
23.e5 Qd6d7
24.Bd2f4 Qd7xb5
25.e6 Re8xe6
26.Re1xe6 fxe6
27.Kh1 Ra8f8
28.Bf4xh6 Nc4e5
29.c4 Qb5xc4
30.Qc2xc4 Ne5xc4
31.Ra1xa7 gxh6
32.Ra7xb7 { draw }
1/2-1/2

[Event "Tourn. n8191"]
[Site "www.chess-mail.com"]
[Date "2015.07.20"]
[Round "1"]
[White "Albertf"]
[Black "Grimsby"]
[WhiteElo "1710"]
[BlackElo "1690"]
[Result "0-1"]
[Round "1"]
1.e4 e5
2.Ng1f3 d6
3.Bf1c4 Bf8e7
4.d4 exd4
5.Nf3xd4 Ng8f6
6.Bc1g5 Nf6xe4
7.Bg5xe7 Qd8xe7
8.O-O c6
9.Rf1e1 d5
10.Bc4f1 Bc8e6
11.Qd1e2 O-O
12.f3 Qe7c5
13.c3 Ne4f6
14.Kh1 Rf8e8
15.b4 Qc5d6
16.Nd4f5 Be6xf5
17.Qe2f2 Nb8d7
{ resign }
0-1

[Event "Tourn. n8235"]
[Site "www.chess-mail.com"]
[Date "2015.07.20"]
[Round "1"]
[White "Nimzo"]
[Black "Winterlude"]
[WhiteElo "2720"]
[BlackElo "2520"]
[Result "1-0"]
[Round "1"]
1.d4 d5
2.c4 e6
3.Ng1f3 Ng8f6
4.g3 dxc4
5.Bf1g2 Bf8b4
6.Bc1d2 a5
7.Qd1c2 Bb4xd2
8.Qc2xd2 c6
9.a4 b5
10.axb5 cxb5
11.Qd2g5 O-O
12.Qg5xb5 Bc8a6
13.Qb5a4 Qd8b6
14.O-O Qb6xb2
15.Nb1d2 Ba6b5
16.Nd2xc4 Bb5xa4
17.Nc4xb2 Ba4b5
18.Nf3e5 Ra8a7
19.Nb2d3 Nb8d7
20.Ne5c6 Bb5xc6
21.Bg2xc6 Rf8c8
22.Rf1c1 g6
23.Kg2 Nd7b8
24.Bc6b5 Rc8xc1
25.Nd3xc1  { time }
1-0

[Event "Tourn. n8262"]
[Site "www.chess-mail.com"]
[Date "2015.07.20"]
[Round "1"]
[White "Sharpman"]
[Black "T9l9"]
[WhiteElo "2290"]
[BlackElo "2410"]
[Result "1-0"]
[Round "1"]
1.e4 e6
2.d4 d5
3.e5 c5
4.c3 Nb8c6
5.Ng1f3 Qd8b6
6.Bf1d3 cxd4
7.cxd4 Bc8d7
8.O-O Nc6b4
9.Bd3e2 Bd7b5
10.Be2xb5 Qb6xb5
11.Nb1c3 Qb5c4
12.a3 Nb4c6
13.Bc1e3 Ng8e7
14.Ra1c1 Ne7f5
15.Rf1e1 Nf5xe3
16.Re1xe3 Qc4a6
17.b4 { resign }
1-0

[Event "Tourn. n8249"]
[Site "www.chess-mail.com"]
[Date "2015.07.20"]
[Round "1"]
[White "Colchester"]
[Black "Amaya"]
[WhiteElo "2040"]
[BlackElo "1920"]
[Result "0-1"]
[Round "1"]
1.d4 g6
2.g3 Bf8g7
3.Bf1g2 Ng8f6
4.e4 d6
5.Ng1e2 O-O
6.O-O Nb8d7
7.c3 e5
8.dxe5 { time. }
0-1

[Event "Tourn. n8193"]
[Site "www.chess-mail.com"]
[Date "2015.07.20"]
[Round "1"]
[White "Vasylpuzanov"]
[Black "Seger"]
[WhiteElo "2210"]
[BlackElo "2670"]
[Result "0-1"]
[Round "1"]
1.d4 d5
2.c4 e6
3.cxd5 exd5
4.Ng1f3 Ng8f6
5.Bc1g5 h6
6.Bg5xf6 Qd8xf6
7.a3 Bf8d6
8.e3 O-O
9.Bf1d3 Nb8d7
10.O-O Qf6e7
11.Nb1c3 c6
12.Qd1c2 Nd7f6
13.h3 Rf8e8
14.Nf3d2 Bc8d7
15.Rf1c1 Ra8d8
16.Rc1d1 g6
17.Rd1e1 Kg7
18.b4 Bd7c8
19.Re1c1 Nf6h7
20.b5 Nh7g5
21.h4 Ng5h7
22.bxc6 bxc6
23.h5 Qe7h4
24.Nd2f1 Qh4xh5
25.Qc2a4 Nh7g5
26.f4 Re8xe3
27.Nf1xe3 Bd6xf4
28.Ne3f1 Bf4xc1
29.Ra1xc1 Ng5h3
30.gxh3 Qh5g5
{ resign }
0-1

[Event "Tourn. n8196"]
[Site "www.chess-mail.com"]
[Date "2015.07.20"]
[Round "1"]
[White "Gambitchess"]
[Black "Gene4267"]
[WhiteElo "1840"]
[BlackElo "2060"]
[Result "0-1"]
[Round "1"]
1.d4 Ng8f6
2.Ng1f3 d5
3.Bc1f4 e6
4.e3 c5
5.Bf1b5 Nb8c6
6.O-O Qd8b6
7.Nb1c3 cxd4
8.Nf3xd4 Bc8d7
9.Bb5xc6 bxc6
10.Nd4b3 Bf8e7
11.Qd1e2 O-O
12.Bf4e5 c5
13.a4 Bd7c6
14.Nc3b5 { time. }
0-1

[Event "Tourn. n8266"]
[Site "www.chess-mail.com"]
[Date "2015.07.20"]
[Round "1"]
[White "A27l"]
[Black "Culiflori"]
[WhiteElo "1130"]
[BlackElo "999"]
[Result "0-1"]
[Round "1"]
1.e4 e5
2.d3 Ng8f6
3.Ng1f3 Nb8c6
4.Bf1e2 d5
5.exd5 Nf6xd5
6.O-O Bf8c5
7.Nb1c3 Nd5xc3
8.bxc3 O-O
9.h3 Bc8f5
10.Bc1e3 Bc5b6
11.Be3xb6 axb6
12.Nf3h2 Qd8d7
13.Be2g4 Rf8e8
14.Bg4xf5 Qd7xf5
15.Qd1f3 Qf5e6
16.a3 Qe6d6
17.Ra1e1 Ra8xa3
18.c4 Ra3a2
19.Re1c1 Nc6d4
20.Qf3d1 Qd6a3
21.Rf1e1 Qa3c3
22.Nh2f3 Ra2xc2
23.Nf3xd4 Rc2xc1
24.Qd1xc1 Qc3xd4
25.Qc1e3 Qd4xe3
26.Re1xe3 f6
27.Kf1 { time. }
0-1

[Event "Tourn. n8145"]
[Site "www.chess-mail.com"]
[Date "2015.07.20"]
[Round "1"]
[White "Korbacik"]
[Black "Falcoale"]
[WhiteElo "2189"]
[BlackElo "2000"]
[Result "1-0"]
[Round "1"]
1.e4 c5
2.Ng1f3 e6
3.d4 cxd4
4.Nf3xd4 a6
5.Nb1c3 Nb8c6
6.Bc1e3 Bf8b4
7.Bf1d3 Ng8f6
8.O-O O-O
9.Nc3a4 b5
10.Nd4xc6 dxc6
11.c3 Bb4e7
12.Na4c5 Qd8c7
13.f4 Nf6d7
14.Nc5xd7 Bc8xd7
15.Qd1h5 g6
16.Qh5h6 Be7f6
17.f5 exf5
18.exf5 Bf6g7
19.Qh6h4 c5
20.f6 Bg7h8
21.Rf1f4 Qc7b6
22.Ra1f1 Ra8e8
23.Qh4f2 Qb6b7
24.Be3xc5 Bd7c6
25.Bc5xf8 Re8xf8
26.Rf1e1 Qb7a8
27.Bd3e4 Bc6xe4
28.Re1xe4 Bh8xf6
29.Re4e1 Bf6g7
30.Rf4e4 Qa8b8
31.Re4e7 Qb8d6
32.Re7e8 Qd6d5
33.Re8xf8 Bg7xf8
34.b4 Qd5c4
35.Qf2d2 Qc4g4
36.Re1e8 Qg4f5
37.h3 Qf5f6
38.Qd2d8 Qf6xc3
39.Re8xf8 { resign }
1-0

[Event "Tourn. n8222"]
[Site "www.chess-mail.com"]
[Date "2015.07.20"]
[Round "1"]
[White "Cyrilgeorge"]
[Black "Bigrezi"]
[WhiteElo "1760"]
[BlackElo "1760"]
[Result "1-0"]
[Round "1"]
1.e4 e5
2.Ng1f3 Nb8c6
3.c3 Ng8f6
4.d4 exd4
5.Nf3xd4 Bf8e7
6.Nb1d2 O-O
7.Bf1d3 d6
8.O-O Bc8d7
9.h3 a6
10.b4 Nc6e5
11.Qd1e2 Ra8c8
12.a4 c5
13.Nd4b3 c4
14.Nd2xc4 Ne5xd3
15.Qe2xd3 Bd7e6
16.Nc4d2 Qd8d7
17.f4 Qd7c6
18.f5 Be6xb3
19.Nd2xb3 Qc6xc3
20.Qd3xc3 Rc8xc3
21.Ra1a3 d5
22.exd5 Nf6xd5
23.Bc1b2 Rc3c4
24.Nb3c5 Nd5xb4
25.Nc5xb7 Nb4d3
26.Ra3xd3 { resign }
1-0

[Event "Tourn. n8259"]
[Site "www.chess-mail.com"]
[Date "2015.07.20"]
[Round "1"]
[White "Culiflori"]
[Black "A27l"]
[WhiteElo "999"]
[BlackElo "1130"]
[Result "1-0"]
[Round "1"]
1.e4 e5
2.Ng1f3 d6
3.d4 Bf8e7
4.dxe5 dxe5
5.Qd1xd8 Be7xd8
6.Nf3xe5 Ng8f6
7.Nb1c3 c6
8.Bf1c4 O-O
9.O-O Bc8e6
10.Bc4xe6 fxe6
11.Bc1g5 Nb8d7
12.Ne5xd7 Nf6xd7
13.Bg5xd8 Ra8xd8
14.Ra1d1 h6
15.Rd1d6 Nd7b6
16.Rd6xe6 Rd8d2
17.Rf1c1 Rf8xf2
18.Re6g6 Nb6c4
19.Nc3d1 Rf2f6
20.Rg6xf6 gxf6
21.b3 Nc4a3
22.Nd1e3 Rd2e2
23.Ne3g4 Kg7
24.Kf1 Re2xc2
25.Rc1xc2 Na3xc2
26.Kf2 a5
27.Ng4e3 Nc2xe3
28.Kxe3 Kf7
29.Kd4 Ke6
30.a4 Kd6
{ time. }
1-0

[Event "Tourn. n8081"]
[Site "www.chess-mail.com"]
[Date "2015.07.20"]
[Round "1"]
[White "Arb"]
[Black "Seger"]
[WhiteElo "2720"]
[BlackElo "2670"]
[Result "1-0"]
[Round "1"]
1.e4 e6
2.d4 d5
3.Nb1c3 Ng8f6
4.e5 Nf6d7
5.f4 c5
6.Ng1f3 Nb8c6
7.Bc1e3 Qd8b6
8.Qd1d2 Qb6xb2
9.Ra1b1 Qb2a3
10.Bf1b5 c4
11.O-O Bf8b4
12.Rb1xb4 Qa3xb4
13.f5 Nd7b6
14.f6 gxf6
15.Bb5xc6 bxc6
16.exf6 Bc8d7
17.Rf1b1 Qb4a3
18.Qd2e1 Rh8g8
19.Nf3e5 h5
20.Be3c1 Qa3a5
21.a4 Nb6xa4
22.Bc1d2 Na4xc3
23.Bd2xc3 Qa5d8
24.Rb1b7 Qd8xf6
25.Rb7xd7 Rg8g7
26.Bc3b4 a5
27.Rd7e7 Qf6xe7
28.Bb4xe7 Kxe7
29.Qe1h4 f6
30.Ne5xc6 Kd6
31.Nc6b8 Kc7
32.Qh4xf6 Rg7h7
33.Qf6g6 Rh7e7
34.Qg6g3 e5
35.Qg3a3 Re7f7
36.Nb8c6 Ra8f8
37.h3 Kxc6
38.Qa3c5 Kd7
39.Qc5xd5 Ke7
40.Qd5xe5 { resign }
1-0

[Event "Tourn. n8081"]
[Site "www.chess-mail.com"]
[Date "2015.07.20"]
[Round "1"]
[White "Arb"]
[Black "E4player"]
[WhiteElo "2720"]
[BlackElo "2410"]
[Result "1-0"]
[Round "1"]
1.e4 c5
2.Ng1f3 e6
3.d4 cxd4
4.Nf3xd4 a6
5.c4 Ng8f6
6.Nb1c3 Bf8b4
7.Qd1d3 d6
8.Nd4c2 Bb4xc3
9.Qd3xc3 O-O
10.Bc1g5 Nb8d7
11.f3 h6
12.Bg5e3 Qd8c7
13.O-O-O b6
14.Qc3d2 Nf6e8
15.Kb1 Bc8b7
16.Bf1e2 Ra8c8
17.h4 Nd7e5
18.b3 Bb7c6
19.Nc2d4 Bc6d7
20.g4 Qc7b7
21.Rd1c1 Rc8b8
22.Rh1g1 Ne5c6
23.Ka1 Nc6xd4
24.Be3xd4 e5
25.Bd4c3 a5
26.g5 h5
27.f4 a4
28.bxa4 exf4
29.Qd2xf4 Bd7xa4
30.e5 dxe5
31.Qf4xe5 Qb7c7
32.Be2xh5 Ba4c6
33.Qe5e2 Ne8d6
34.g6 f5
35.Qe2e6 Kh8
36.c5 bxc5
37.Bc3e5  { time }
1-0

[Event "Tourn. n8081"]
[Site "www.chess-mail.com"]
[Date "2015.07.20"]
[Round "1"]
[White "Emmanuelasi"]
[Black "Arb"]
[WhiteElo "2320"]
[BlackElo "2720"]
[Result "0-1"]
[Round "1"]
1.e4 e5
2.Ng1f3 Nb8c6
3.Bf1b5 a6
4.Bb5a4 Ng8f6
5.O-O Bf8e7
6.Rf1e1 b5
7.Ba4b3 O-O
8.d4 Nc6xd4
9.Bb3xf7 Rf8xf7
10.Nf3xe5 Rf7f8
11.Qd1xd4 c5
12.Qd4d3 Qd8c7
13.Ne5f3 c4
14.Qd3d1 Bc8b7
15.Nb1c3 Be7c5
16.h3 b4
17.Nc3d5 Nf6xd5
18.exd5 Rf8xf3
19.Qd1xf3 Ra8f8
20.Qf3e2 Rf8xf2
21.Qe2xf2 Bc5xf2
22.Kxf2 Qc7c5
23.Bc1e3 Qc5xd5
24.Re1g1 Qd5f5
25.Kg3 Qf5xc2
26.Ra1d1 Qc2e2
27.Be3d4 Bb7xg2
28.Rg1xg2 Qe2xd1
{ resign }
0-1

[Event "Tourn. n8282"]
[Site "www.chess-mail.com"]
[Date "2015.07.20"]
[Round "1"]
[White "Picifarkinca"]
[Black "Attatroll"]
[WhiteElo "1820"]
[BlackElo "1870"]
[Result "0-1"]
[Round "1"]
1.Ng1f3 d5
2.c4 Ng8f6
3.e3 e6
4.d4 Bf8b4
5.Nb1c3 Bb4xc3
6.bxc3 O-O
7.Bc1a3 Rf8e8
8.cxd5 Nf6xd5
9.Qd1b3 Nb8c6
10.Bf1b5 Bc8d7
11.Bb5xc6 Bd7xc6
12.O-O Qd8f6
13.e4 Nd5b6
14.e5 Qf6d8
15.Nf3d2 Qd8g5
{ resign }
0-1

[Event "Tourn. n8124"]
[Site "www.chess-mail.com"]
[Date "2015.07.20"]
[Round "1"]
[White "Dominiquer"]
[Black "Chessexpert"]
[WhiteElo "1770"]
[BlackElo "1600"]
[Result "1-0"]
[Round "1"]
1.e4 c6
2.c3 d5
3.exd5 cxd5
4.d4 Ng8f6
5.Ng1f3 g6
6.Bf1d3 Bf8g7
7.h3 O-O
8.O-O Nb8c6
9.Bc1g5 h6
10.Bg5f4 g5
11.Bf4g3 Qd8b6
12.b3 Nf6e4
13.Bg3e5 f6
14.Be5g3 Bc8f5
15.c4 Nc6b4
16.a3 Nb4xd3
17.Qd1xd3 Ne4xg3
18.Qd3c3 Ng3e4
19.Qc3e3 dxc4
20.bxc4 e5
21.c5 Qb6c7
22.Nb1c3 Ne4xc3
23.Qe3xc3 exd4
24.Nf3xd4 Bf5d7
25.Rf1e1 Ra8e8
26.Qc3c4 Kh8
27.Nd4b5 Bd7xb5
28.Qc4xb5 Qc7c6
29.a4 Qc6xb5
30.axb5  { time }
1-0

[Event "Tourn. n7998"]
[Site "www.chess-mail.com"]
[Date "2015.07.20"]
[Round "1"]
[White "Falcoale"]
[Black "Yakke"]
[WhiteElo "1810"]
[BlackElo "1800"]
[Result "1-0"]
[Round "1"]
1.e4 c5
2.Ng1f3 d6
3.Nb1c3 e5
4.Nc3d5 Ng8f6
5.Nd5xf6 Qd8xf6
6.Bf1c4 Qf6g6
7.g3 Qg6xe4
8.Bc4e2 Bc8g4
9.O-O Nb8c6
10.d3 Qe4f5
11.Nf3h4 Bg4xe2
12.Qd1xe2 Nc6d4
13.Qe2d2 Bf8e7
14.Nh4xf5 Nd4f3
15.Kg2 Nf3xd2
16.Bc1xd2 Be7f6
17.Nf5xd6 Kd7
18.Nd6xb7 Ra8b8
19.Nb7xc5 Ke7
20.Bd2c3 Rh8c8
21.Nc5e4 Rc8c6
22.Ne4xf6 Kxf6
23.f4 Ke7
24.Bc3xe5 Rc6xc2
25.Kh1 Rb8c8
26.Ra1e1 Kf8
27.a3 f6
28.Be5d6 Kg8
29.Re1d1 Rc2xb2
30.Rd1b1 Rb2d2
31.Rb1d1 Rd2e2
32.Rf1e1 Re2c2
33.d4 Rc2a2
34.Bd6c5 Rc8b8
35.Bc5b4 Rb8c8
36.Rd1d2 Ra2xd2
37.Bb4xd2 Kf7
38.Bd2b4 Rc8c4
39.Re1e7 Kg6
40.d5 Rc4c1
41.Kg2 Rc1c2
42.Kh3 a6
43.Re7a7 h5
44.Ra7xa6 Kf5
45.d6 Rc2c4
46.Ra6a7 g5
47.fxg5 Kxg5
48.d7 Rc4g4
49.d8Q h4
50.Ra7a5 Kg6
51.Qd8g8 Kh6
52.Bb4f8 Rg4g7
53.Qg8xg7 
1-0

[Event "Tourn. n8089"]
[Site "www.chess-mail.com"]
[Date "2015.07.20"]
[Round "1"]
[White "E4player"]
[Black "Numanoid"]
[WhiteElo "2410"]
[BlackElo "2620"]
[Result "1-0"]
[Round "1"]
1.e4 g6
2.d4 d6
3.Bf1e2 Ng8f6
4.Nb1c3 Bf8g7
5.Bc1e3 O-O
6.g4 c5
7.g5 Nf6d7
8.Ng1f3 Nd7b6
9.h3 Nb8c6
10.Qd1d2 cxd4
11.Nf3xd4 d5
12.O-O-O e5
13.Nd4xc6 bxc6
14.Be3c5 Rf8e8
15.exd5 cxd5
16.Be2b5 d4
17.Bb5xe8 Qd8xe8
18.Nc3e4 Bc8f5
{ time. }
1-0

[Event "Tourn. n8098"]
[Site "www.chess-mail.com"]
[Date "2015.07.20"]
[Round "1"]
[White "Emmanuelasi"]
[Black "Szustan"]
[WhiteElo "2340"]
[BlackElo "2610"]
[Result "0-1"]
[Round "1"]
1.e4 e5
2.Ng1f3 Nb8c6
3.Bf1b5 a6
4.Bb5a4 Ng8f6
5.O-O Nf6xe4
6.d4 b5
7.Ba4b3 d5
8.dxe5 Bc8e6
9.Qd1e2 Bf8e7
10.Rf1d1 O-O
11.c4 bxc4
12.Bb3xc4 Qd8d7
13.Bc4xd5 Be6xd5
14.Qe2xe4 Bd5xe4
15.Rd1xd7 Be4xf3
16.gxf3 Rf8d8
17.Rd7xd8 Ra8xd8
18.Nb1c3 Nc6xe5
19.Kg2 Ne5d3
20.a3 f5
21.f4 Kf7
22.b4 Be7f6
23.Bc1d2 Nd3xb4
24.axb4 Rd8xd2
25.Ra1c1 Bf6e7
26.b5 a5
27.Kf3 Be7a3
28.Rc1d1 Rd2xd1
29.Nc3xd1 Ke6
30.Nd1c3 Ba3b2
31.Nc3a4 Bb2d4
32.Ke2 Kd5
33.Kd3 Bd4xf2
{ resign }
0-1

[Event "Tourn. n8247"]
[Site "www.chess-mail.com"]
[Date "2015.07.20"]
[Round "1"]
[White "Azulmarino"]
[Black "Iko"]
[WhiteElo "1570"]
[BlackElo "1480"]
[Result "1-0"]
[Round "1"]
1.e4 e5
2.Ng1f3 d6
3.Bf1c4 Ng8f6
4.b3 Nf6xe4
5.d3 Bc8g4
6.dxe4 Bg4xf3
7.Qd1xf3 Nb8c6
8.Qf3xf7 
1-0

[Event "Tourn. n8227"]
[Site "www.chess-mail.com"]
[Date "2015.07.20"]
[Round "1"]
[White "Swampcat"]
[Black "Oliverio"]
[WhiteElo "1600"]
[BlackElo "1740"]
[Result "0-1"]
[Round "1"]
1.e4 e5
2.Ng1f3 Nb8c6
3.Bf1c4 Bf8c5
4.c3 Ng8f6
5.d4 exd4
6.cxd4 Bc5b4
7.Nb1c3 Nf6xe4
8.Qd1c2 d5
9.Bc4b3 Bc8f5
10.O-O O-O
11.Bb3xd5 Ne4xc3
12.Qc2xf5 Nc3xd5
13.Nf3g5 Nd5f6
14.Bc1e3 Qd8d5
15.Qf5xd5 Nf6xd5
 { time }
0-1

[Event "Tourn. n8227"]
[Site "www.chess-mail.com"]
[Date "2015.07.20"]
[Round "1"]
[White "Geretree"]
[Black "Swampcat"]
[WhiteElo "1780"]
[BlackElo "1600"]
[Result "1-0"]
[Round "1"]
1.e4 e6
2.d4 d5
3.e5 c5
4.Bf1b5 Bc8d7
5.Bb5xd7 Nb8xd7
6.Bc1e3 c4
7.c3 Qd8b6
8.Qd1c2 Ng8h6
9.Be3xh6 gxh6
10.Ng1f3 O-O-O
11.O-O  { time }
1-0

[Event "Tourn. n8178"]
[Site "www.chess-mail.com"]
[Date "2015.07.20"]
[Round "1"]
[White "Xkafi"]
[Black "Osopanda"]
[WhiteElo "1930"]
[BlackElo "1990"]
[Result "0-1"]
[Round "1"]
1.c4 Ng8f6
2.d4 c6
3.Nb1c3 d5
4.cxd5 cxd5
5.Bc1f4 e6
6.e3 Bf8d6
7.Bf4g5 O-O
8.Bf1d3 Nb8c6
9.a3 a6
10.Qd1f3 h6
11.Bg5h4 g5
12.Bh4g3 Nf6e4
13.Nc3xe4 dxe4
14.Qf3xe4 f5
15.Qe4f3 Bd6xg3
16.hxg3 Qd8f6
17.Qf3h5 Kg7
18.Ng1f3 Bc8d7
19.Nf3e5 Nc6xe5
20.dxe5 Qf6g6
21.Qh5d1 Bd7c6
22.f3 Ra8d8
23.g4 Bc6b5
24.Qd1c2 Rd8xd3
25.a4 Rd3xe3
26.Kf2 Re3e2
27.Qc2xe2 Bb5xe2
28.Kxe2 fxg4
29.Ra1c1 gxf3
30.gxf3 Qg6f5
31.Rc1c3 Qf5xe5
32.Kf2 b5
33.axb5 Qe5xb5
34.b3 g4
35.Kg3 Qb5e5
{ resign }
0-1

[Event "Tourn. n8178"]
[Site "www.chess-mail.com"]
[Date "2015.07.20"]
[Round "1"]
[White "Osopanda"]
[Black "Bigoak"]
[WhiteElo "1990"]
[BlackElo "1940"]
[Result "1-0"]
[Round "1"]
1.c4 Ng8f6
2.d4 e6
3.Nb1c3 Bf8b4
4.a3 Bb4xc3
5.bxc3 c5
6.d5 d6
7.Bc1g5 Nb8d7
8.e4 e5
9.Bf1d3 b6
10.Ng1e2 O-O
11.O-O h6
12.Bg5h4 g5
13.Bh4g3 Nf6h5
14.f3 Nh5f4
15.Ne2xf4 exf4
16.Bg3f2 Nd7e5
17.Bd3e2 Bc8a6
18.Qd1a4 Ba6b7
19.g3 fxg3
20.hxg3 Qd8c8
21.Qa4d1 Qc8h3
22.f4 gxf4
23.gxf4 Ne5g6
24.Qd1d3 Qh3xd3
25.Be2xd3 Ng6xf4
26.Ra1d1 Ra8e8
27.Bf2g3 Nf4xd3
28.Rd1xd3 Re8xe4
29.Bg3xd6 Rf8e8
30.Rd3g3 Kh7
31.Rf1xf7 Kh8
32.Rf7xb7 Re4e1
33.Kh2 { resign }
1-0

[Event "Tourn. n8187"]
[Site "www.chess-mail.com"]
[Date "2015.07.20"]
[Round "1"]
[White "Anja"]
[Black "Maxlou"]
[WhiteElo "1660"]
[BlackElo "1670"]
[Result "1-0"]
[Round "1"]
1.d4 f5
2.g3 Ng8f6
3.Bf1g2 g6
4.c4 Bf8g7
5.Nb1c3 d6
6.e4 fxe4
7.Nc3xe4 c5
8.dxc5 Nf6xe4
9.Bg2xe4 Qd8a5
10.Bc1d2 Qa5xc5
11.Qd1c2 O-O
12.Bd2e3 Qc5b4
13.Be3d2 Qb4xb2
14.Qc2xb2 Bg7xb2
15.Ra1b1 Bb2f6
16.Be4xb7 Bc8xb7
17.Rb1xb7 Rf8c8
18.Rb7b4 Nb8c6
19.Rb4b1 Ra8b8
20.Rb1b3 Rb8xb3
21.axb3  { time }
1-0

[Event "Tourn. n8216"]
[Site "www.chess-mail.com"]
[Date "2015.07.20"]
[Round "1"]
[White "Groz"]
[Black "Dany2005"]
[WhiteElo "2000"]
[BlackElo "2010"]
[Result "1-0"]
[Round "1"]
1.f4 d5
2.g3 c5
3.Bf1g2 Ng8f6
4.d3 Nb8c6
5.Ng1f3 Bc8g4
6.O-O e6
7.c3 Bg4xf3
8.Bg2xf3 Bf8e7
9.Qd1e1 { resign }
1-0

[Event "Tourn. n8277"]
[Site "www.chess-mail.com"]
[Date "2015.07.20"]
[Round "1"]
[White "Fanny33"]
[Black "Senitram"]
[WhiteElo "2750"]
[BlackElo "2590"]
[Result "1/2-1/2"]
[Round "1"]
1.e4 c5
2.Nb1c3 Nb8c6
3.g3 d6
4.Bf1g2 g6
5.d3 Ng8f6
6.h3 Bc8d7
7.Bc1e3 Bf8g7
8.Qd1d2 O-O
9.Ng1e2 Ra8b8
10.O-O Qd8c8
11.Kh2 Qc8c7
12.Ra1e1 Rf8e8
13.f4 b5
14.f5 b4
15.Nc3d5 Nf6xd5
16.exd5 Nc6e5
17.fxg6 hxg6
18.g4 Rb8b5
19.Be3h6 Rb5a5
20.Ne2g3 Bg7h8
21.Qd2f2 f6
22.Re1xe5 dxe5
23.Ng3e4 Ra5a6
24.d6 Ra6xd6
25.Ne4xd6 Qc7xd6
26.Bg2e4 Kf7
27.Bh6e3 Bd7c6
28.Be3xc5 Qd6c7
29.Be4xc6 e4
30.Kg1 Qc7xc6
31.dxe4 Qc6xe4
32.Rf1e1 { draw }
1/2-1/2

[Event "Tourn. n8250"]
[Site "www.chess-mail.com"]
[Date "2015.07.20"]
[Round "1"]
[White "Xkafi"]
[Black "Creepypasta"]
[WhiteElo "1960"]
[BlackElo "1809"]
[Result "1-0"]
[Round "1"]
1.e4 e5
2.Bf1c4 Ng8f6
3.d3 c6
4.a3 d5
5.exd5 cxd5
6.Bc4b3 Nb8c6
7.Qd1f3 Nc6d4
8.Qf3g3 Bf8d6
9.Qg3xg7 Rh8g8
10.Qg7h6 Rg8xg2
11.Bc1g5 Nf6g4
12.Qh6g7  { time }
1-0

[Event "Tourn. n8245"]
[Site "www.chess-mail.com"]
[Date "2015.07.20"]
[Round "1"]
[White "Bira47"]
[Black "Yakke"]
[WhiteElo "1739"]
[BlackElo "1760"]
[Result "1-0"]
[Round "1"]
1.c4 e5
2.g3 Nb8c6
3.Bf1g2 Nc6d4
4.e3 Nd4e6
5.Ng1e2 Ng8f6
6.a3 d5
7.cxd5 Nf6xd5
8.Nb1c3 Nd5xc3
9.bxc3 Ne6c5
10.d4 Nc5e6
11.O-O f6
12.Qd1b3 Bf8d6
13.d5 Ne6c5
14.Qb3c2 O-O
15.c4 e4
16.Bg2xe4 Qd8e7
17.Be4xh7 Kh8
18.Ne2f4 Qe7f7
19.Nf4g6 Kxh7
20.Ng6e5 g6
21.Ne5xf7 Rf8xf7
22.e4 Bd6e5
23.Ra1b1 b6
24.f4 Be5d6
25.Bc1b2 f5
26.e5 Bd6f8
27.e6 Rf7e7
28.Bb2f6 Re7e8
29.Rf1e1 Bf8e7
30.Qc2c3 Nc5e4
31.Re1xe4 fxe4
32.Bf6xe7 Re8xe7
33.Qc3f6 Re7g7
34.f5 gxf5
35.Qf6xf5 Kg8
36.Rb1f1 Bc8a6
37.Qf5xe4 Ba6b7
38.e7 Ra8e8
39.Qe4e6 Kh8
40.Qe6h6 Kg8
41.Qh6e6 Kh8
42.Rf1f8 Re8xf8
43.exf8Q Kh7
44.Qe6f5 Kh6
45.Qf8h8 Rg7h7
46.Qh8xh7 
1-0

[Event "Tourn. n8022"]
[Site "www.chess-mail.com"]
[Date "2015.07.20"]
[Round "1"]
[White "Hrob71"]
[Black "Genius9"]
[WhiteElo "1499"]
[BlackElo "1510"]
[Result "1/2-1/2"]
[Round "1"]
1.e4 e5
2.Ng1f3 Nb8c6
3.d4 exd4
4.c3 d5
5.exd5 Qd8xd5
6.cxd4 Bc8g4
7.Nb1c3 Bf8b4
8.Bf1e2 Ng8f6
9.O-O Qd5d8
10.Be2b5 O-O
11.Bb5xc6 bxc6
12.Bc1g5 h6
13.Bg5xf6 Qd8xf6
14.h3 Bg4xf3
15.gxf3 Ra8d8
16.Nc3e4 Qf6xd4
17.Qd1a4 Qd4b6
18.Ra1c1 c5
19.a3 Bb4d2
20.Rc1c2 Qb6g6
21.Kh1 Bd2f4
22.Rf1g1 Qg6f5
23.Kg2 Rd8d4
24.Qa4c6 Rd4d5
25.Rc2xc5 Rd5xc5
26.Qc6xc5 Qf5xc5
27.Ne4xc5 Rf8b8
28.b4 a5
29.Rg1b1 axb4
30.Rb1xb4 Rb8xb4
31.axb4 Bf4d6
32.Nc5d3 Kf8
33.f4 Ke7
34.Kf3 Ke6
35.Ke4 f5
36.Kd4 g5
37.fxg5 hxg5
38.f3 c6
39.Nd3c5 Bd6xc5
40.Kxc5 Kd7
41.Kb6 Kd6
42.Kb7 f4
43.Kc8 Kd5
44.Kc7 Kc4
45.Kxc6 Kxb4
46.Kd5 Kc3
47.Ke4 Kd2
48.Kf5 Ke3
49.Kxg5 Kxf3
50.h4 Kg3
51.h5 f3
52.h6 f2
{ draw }
1/2-1/2